| 000 | 01122nam a22002297a 4500 | ||
|---|---|---|---|
| 008 | 100503s2007 enk||||es|||| 00| 0 eng d | ||
| 082 |
_222 _a510.71 _bSAU |
||
| 100 |
_913777 _aDu Sautoy, Marcus |
||
| 110 | _913778 | ||
| 245 |
_aThe num8er my5teries/ _cMarcus Du Sautoy; Royal Institution of Great Britain.; Leverhulme Trust |
||
| 246 | _aNumber mysteries | ||
| 260 |
_aLondon : _bRoyal Institution : Leverhulme Trust : Five, 2007. _c2007 |
||
| 300 |
_a1 videodisc (PAL region 2) (190 min.) : _bsd., col. ; _c4 3/4 in. |
||
| 440 | _913776 | ||
| 490 | _aRoyal Institution Christmas lectures, 2006 | ||
| 505 | _a1. The curious incident of the neverending numbers -- 2. The story of the elusive shape -- 3. The secret of the winning streak -- 4. The case of the uncrackable code -- 5. The quest to predict the future. | ||
| 650 |
_913780 _aMathematics _xStudy and teaching |
||
| 710 |
_913778 _aRoyal Institution of Great Britain |
||
| 710 |
_913779 _aLeverhulme Trust |
||
| 942 |
_2ddc _cDVD |
||
| 999 |
_c13959 _d13959 |
||